000
00309nam a22001217a 4500
008
230703b xxu||||| |||| 00| 0 eng d
082
_a
342 16
_b
IPU
245
_a
Constitutional and Parliamentary Information
260
_b
Inter-Parliamentary Union
_c
2005
300
_a
121p
440
_n
190
942
_2
ddc
_c
BK
999
_c
3482
_d
3482